<?xml version="1.0" encoding="UTF-8"?><?xml-stylesheet type="text/xsl" href="static/style.xsl"?><OAI-PMH xmlns="http://www.openarchives.org/OAI/2.0/" xmlns:xsi="http://www.w3.org/2001/XMLSchema-instance" xsi:schemaLocation="http://www.openarchives.org/OAI/2.0/ http://www.openarchives.org/OAI/2.0/OAI-PMH.xsd"><responseDate>2026-04-17T05:58:23Z</responseDate><request verb="GetRecord" identifier="oai:www.recercat.cat:10459.1/467918" metadataPrefix="marc">https://recercat.cat/oai/request</request><GetRecord><record><header><identifier>oai:recercat.cat:10459.1/467918</identifier><datestamp>2025-09-15T18:36:25Z</datestamp><setSpec>com_2072_3622</setSpec><setSpec>col_2072_479130</setSpec></header><metadata><record xmlns="http://www.loc.gov/MARC21/slim" xmlns:dcterms="http://purl.org/dc/terms/" xmlns:xsi="http://www.w3.org/2001/XMLSchema-instance" xmlns:doc="http://www.lyncode.com/xoai" xsi:schemaLocation="http://www.loc.gov/MARC21/slim http://www.loc.gov/standards/marcxml/schema/MARC21slim.xsd">
   <leader>00925njm 22002777a 4500</leader>
   <datafield ind2=" " ind1=" " tag="042">
      <subfield code="a">dc</subfield>
   </datafield>
   <datafield ind2=" " ind1=" " tag="720">
      <subfield code="a">Ordeix, Lídia</subfield>
      <subfield code="e">author</subfield>
   </datafield>
   <datafield ind2=" " ind1=" " tag="720">
      <subfield code="a">Viladrich, Carme</subfield>
      <subfield code="e">author</subfield>
   </datafield>
   <datafield ind2=" " ind1=" " tag="720">
      <subfield code="a">Alcaraz, Saul</subfield>
      <subfield code="e">author</subfield>
   </datafield>
   <datafield ind2=" " ind1=" " tag="260">
      <subfield code="c">2025</subfield>
   </datafield>
   <datafield ind2=" " ind1=" " tag="520">
      <subfield code="a">Las instrucciones técnicas y el feedback son las conductas más utilizadas en la actuación de los entrenadores y entrenadoras. Sin embargo, la investigación se ha centrado en el contenido pedagógico de estas, por lo que se ha descuidado la forma en que se realizan dichas interacciones. Este estudio tuvo como objetivo examinar cómo los entrenadores trasmiten instrucciones y dan feedback a sus jugadoras, para lo que se consideraron el contenido y las emociones asociadas. Con este fin, se observó y registró la conducta durante la competición de ocho entrenadores y entrenadoras (cuatro mujeres y cuatro hombres) de deporte femenino, mediante el Instrumento de Observación de las Emociones de los Entrenadores (ACE, por sus siglas en inglés) que evalúa el contenido, la emoción y la persona destinataria de la conducta del entrenador o entrenadora. Los resultados del análisis secuencial de retardos mostraron que el comportamiento de los ocho entrenadores o entrenadoras al dar instrucciones y feedback es similar y que estas conductas son precedidas y también seguidas de conductas de observación con las que se van alternando. Además, las emociones que se dan junto al proceso de instrucción y feedback son la emoción de alerta y de tensión, mientras que las que acompañan a la observación son la emoción neutral y la ansiedad. Estos hallazgos revelaron similitudes en las secuencias de conductas y las emociones vinculadas a la instrucción y al feedback, así como a la observación en los entrenadores y entrenadoras evaluados. Este enfoque proporciona información que podría mejorar significativamente la efectividad del entrenamiento.</subfield>
   </datafield>
   <datafield ind2=" " ind1=" " tag="520">
      <subfield code="a">Imparting technical instruction and feedback is the most commonly seen behavior in coaches. However, research has focused on the pedagogical content of those instructions and neglected how those interactions occur. The aim of this study was to assess how coaches give instruction and feedback to athletes, taking into consideration the content of instructions and the associated emotions. To that end, we observed and recorded the behavior of eight coaches (four women and four men) during female athletes’ sports competitions. To do so we used the Assessment of Coach Emotions (ACE) observational tool that evaluates the content, emotion, and the recipient subject of a coach’s behavior. We employed lag sequential analysis, the results of which showed that, when giving instruction and feedback, the eight coaches presented similar behavior, and said behavior was preceded and followed by alternating observational behaviors. In addition, the coaches’ observed emotions when giving instruction and feedback were ‘alert’ and ‘tense,’ while the emotions associated with observation were ‘neutral’ and ‘anxious.’ These findings revealed
similarities in the behavioral sequences and emotions associated with giving instruction and feedback and with observation in the assessed coaches. This approach provided information that could greatly improve training effectiveness.</subfield>
   </datafield>
   <datafield ind2=" " ind1=" " tag="520">
      <subfield code="a">Las autoras quieren agradecer a los participantes sus aportaciones a este estudio. La investigación se ha desarrollado gracias al proyecto RTI2018-095468-B-100 del Ministerio de Ciencia, Innovación y Universidades de España, y la beca FI-SDUR (2020 FI SDUR00098) de la Generalitat de Catalunya.</subfield>
   </datafield>
   <datafield tag="653" ind2=" " ind1=" ">
      <subfield code="a">Análisis secuencial de retardos</subfield>
   </datafield>
   <datafield tag="653" ind2=" " ind1=" ">
      <subfield code="a">Conducta no verbal</subfield>
   </datafield>
   <datafield tag="653" ind2=" " ind1=" ">
      <subfield code="a">Conducta verbal</subfield>
   </datafield>
   <datafield tag="653" ind2=" " ind1=" ">
      <subfield code="a">Feedback</subfield>
   </datafield>
   <datafield ind2="0" ind1="0" tag="245">
      <subfield code="a">¿Cómo transmiten sus instrucciones los entrenadores? Análisis del contenido y de las emociones asociadas</subfield>
   </datafield>
   <datafield ind2="0" ind1="0" tag="245">
      <subfield code="a">How do coaches convey their instructions? Analyzing content and associated emotions</subfield>
   </datafield>
</record></metadata></record></GetRecord></OAI-PMH>